| 000 | 00770nam a2200229Ia 4500 | ||
|---|---|---|---|
| 008 | 160114s9999 xx 000 0 und d | ||
| 020 | _a0-689854838 | ||
| 050 | _aFic | ||
| 050 | _b.Si587d 2003 | ||
| 100 | _aSilverhardt, Lauryn. | ||
| 245 | 2 |
_aA surprise party / _cLauryn Silverhardt. |
|
| 260 |
_aNew York : _bSimon Spotlight. _c2003 |
||
| 300 |
_bcolor illustrations : _c14 cm. |
||
| 440 | _a Dora the Explorer. | ||
| 500 | _a"Based on the TV series Dora the explorer as seen on Nick Jr."--Page 4 of cover. | ||
| 650 | _aDora the Explorer (Fictitious character) -- | ||
| 650 | _aDora the explorer (Television program) -- | ||
| 650 | _aSurprise birthday parties -- | ||
| 650 | _xFiction. | ||
| 650 | _xJuvenile fiction. | ||
| 650 | _xJuvenile fiction. | ||
| 999 |
_c290341 _d290341 |
||